书目信息 |
| 题名: |
建筑环境学
|
|
| 作者: | 朱颖心 主编 | |
| 分册: | ||
| 出版信息: | 北京 中国建筑工业出版社 2016.08 |
|
| 页数: | 10, 350页 | |
| 开本: | 26cm | |
| 丛书名: | ||
| 单 册: | ||
| 中图分类: | TU-023 | |
| 科图分类: | ||
| 主题词: | 建筑学--jian zhu xue--环境科学--高等学校--教材 | |
| 电子资源: | ||
| ISBN: | 978-7-112-18759-1 | |
| 000 | 01123nam0 2200289 450 | |
| 001 | CAL 008022728 | |
| 005 | 20201103112932.73 | |
| 010 | @a978-7-112-18759-1@dCNY43.00 | |
| 100 | @a20170904d2016 em y0chiy50 ea | |
| 101 | 0 | @achi |
| 102 | @aCN@b110000 | |
| 105 | @aab a 000yy | |
| 200 | 1 | @a建筑环境学@Ajian zhu huan jing xue@f朱颖心主编@g朱颖心 ... [等] 编著 |
| 205 | @a第4版 | |
| 210 | @a北京@c中国建筑工业出版社@d2016.08 | |
| 215 | @a10, 350页@c图, 地图@d26cm | |
| 300 | @a高校建筑环境与能源应用工程学科专业指导委员会规划推荐教材 | |
| 312 | @a英文题名取自封面 | |
| 320 | @a有书目 | |
| 330 | @a本书在介绍了建筑外环境、室内热湿环境、空气质量环境、空气流动、声光环境的同时, 还从人的生理和心理角度出发, 分析介绍了人的健康舒适要求与室内、外环境质量的关系, 为创造适宜的建筑室内环境与室外微环境提供了理论依据。 | |
| 333 | @a“十二五”普通高等教育本科国家级规划教材 | |
| 510 | 1 | @aBuilt environment@zeng |
| 606 | 0 | @a建筑学@Ajian zhu xue@x环境科学@x高等学校@j教材 |
| 690 | @aTU-023@v5 | |
| 701 | 0 | @a朱颖心@Azhu ying xin@4主编 |
| 801 | 0 | @aCN@c20170904 |
| 905 | @a河南城建学院图书馆@dTU-023@eZ8901=4@f2 | |
| 建筑环境学/朱颖心主编/朱颖心 ... [等] 编著.-第4版.-北京:中国建筑工业出版社,2016.08 |
| 10, 350页:图, 地图;26cm |
| 高校建筑环境与能源应用工程学科专业指导委员会规划推荐教材.-使用对象:“十二五”普通高等教育本科国家级规划教材 |
| ISBN 978-7-112-18759-1:CNY43.00 |
| 本书在介绍了建筑外环境、室内热湿环境、空气质量环境、空气流动、声光环境的同时, 还从人的生理和心理角度出发, 分析介绍了人的健康舒适要求与室内、外环境质量的关系, 为创造适宜的建筑室内环境与室外微环境提供了理论依据。 |
| ● |
| 相关链接 |
|
|
|
正题名:建筑环境学
索取号:TU-023/Z8901=4
 
预约/预借
| 序号 | 登录号 | 条形码 | 馆藏地/架位号 | 状态 | 备注 |
| 1 | 1243852 | 212438520 | 建筑库101/101建筑库 3排3列2层/ [索取号:TU-023/Z8901=4] | 在馆 | |
| 2 | 1315053 | 213150533 | 建筑库101/101建筑库 3排3列2层/ [索取号:TU-023/Z8901=4] | 在馆 | |
| 3 | 1315054 | 213150542 | 建筑库101/101建筑库 3排3列2层/ [索取号:TU-023/Z8901=4] | 在馆 | |
| 4 | 1501525 | 215015258 | 建筑库101/101建筑库 3排3列2层/ [索取号:TU-023/Z8901=4] | 在馆 | |
| 5 | 1501631 | 215016319 | 建筑库101/101建筑库 3排3列2层/ [索取号:TU-023/Z8901=4] | 在馆 | |
| 6 | 554150 | 205541500 | 建筑库101/101建筑库 3排3列2层/ [索取号:TU-023/Z8901=4] | 在馆 |